Operating systems : design and implementation (Record no. 203046)

MARC details
000 -LEADER
fixed length control field 00487nam a2200169Ia 4500
008 - FIXED-LENGTH DATA ELEMENTS--GENERAL INFORMATION
fixed length control field 231221s9999 xx 000 0 und d
041 ## - LANGUAGE CODE
Language code of text/sound track or separate title English
082 ## - DEWEY DECIMAL CLASSIFICATION NUMBER
Classification number 001.642 TAN;
100 ## - MAIN ENTRY--PERSONAL NAME
Personal name Tanenbaum, Andrew S. Woodhull, Albert S. Woodhull, Albert S
245 #0 - TITLE STATEMENT
Title Operating systems : design and implementation
250 ## - EDITION STATEMENT
Edition statement 2nd ed.
260 ## - PUBLICATION, DISTRIBUTION, ETC.
Date of publication, distribution, etc. 1997
Name of publisher, distributor, etc. Pearson Education (Singapore)
Place of publication, distribution, etc. Delhi
300 ## - PHYSICAL DESCRIPTION
Extent xvii+939
300 ## - PHYSICAL DESCRIPTION
Dimensions 31790
650 ## - SUBJECT ADDED ENTRY--TOPICAL TERM
Topical term or geographic name entry element Operating,systems,:
942 ## - ADDED ENTRY ELEMENTS (KOHA)
Koha item type Compact Disks
Holdings
Date last seen Total checkouts Full call number Accession number Price effective from Category Lost status Damaged status Department Withdrawn status Home library Current library Shelving location Entry date Vendor Grants Billnumber Billdate Currency symbol Conversion rate Discount Old discount
26/01/2024   001.642 TAN; CD1676 26/01/2024 Compact Disks     Central Library   Central Library Central Library Central Library   I K International TC 1634 08/10/2009 RS 1   25
26/01/2024   001.642 TAN; CD2205 26/01/2024 Compact Disks     Central Library   Central Library Central Library Central Library   Sapna Book House TC 27804 22/07/2011 RS 1   20

© For any Suggestions or Query, please contact the library staff @ librarian@pes.edu or Phone: +9180 2672 1983/ 2108.